JACOBO FUCAR : UN GRAN HOMBRE DE NEGOCIOS DEL SIGLO XVI /

TRADUCCION DE: UN GRAND HOMME D'AFFAIRES AU DEBUT DU XVI SIECLE: JACOB FUGGER

I tiakina i:
Ngā taipitopito rārangi puna kōrero
Kaituhi matua: Schick, Leon (autor)
Hōputu: Pukapuka
Ngā marau:
Ngā Tūtohu: Tāpirihia he Tūtohu
Kāore He Tūtohu, Me noho koe te mea tuatahi ki te tūtohu i tēnei pūkete!

MARC

LEADER 00000nam^a2200000^a^4500
001 000242958
005 20250521000000.0
009 20260310105317.955
035 |a 065495 
037 |a Acervo Xavier Clavigero 
082 |a 929. 2  |b SCH 
100 |a Schick, Leon  |e (autor) 
245 1 0 |a JACOBO FUCAR :  |b UN GRAN HOMBRE DE NEGOCIOS DEL SIGLO XVI /  |c LEON SCHICK ; TR. ANDRE BOYER-MAS 
264 |a Madrid, España :  |b Aguilar,  |c 1961 
300 |a 456 p. 
336 |a texto  |b txt  |2 rdacontenido 
337 |a sin mediación  |b n  |2 rdamedio 
338 |a volumen  |b nc  |2 rdasoporte 
520 |a TRADUCCION DE: UN GRAND HOMME D'AFFAIRES AU DEBUT DU XVI SIECLE: JACOB FUGGER 
520 |a INCLUYE BIBLIOGRAFIA E INDICE 
649 |a XX 
650 |a Fugger, Jakob 
650 |a Banqueros 
910 |a Fondo General 
920 |a Impresos - Libros 
930 |a Colección General 
905 |a 101 
901 |a 065495  |b IT1  |c ACC  |i 065495  |u 20250521 
902 |a https://opac.biblio.iteso.mx/vufind/Record/000242958